Agony of a Nigerian scientist

Guardat en:
Dades bibliogràfiques
Autor principal: KALU, Dike N.
Format: Llibre
Idioma:anglès
Publicat: Barioz Publishers 2004
Etiquetes: Afegir etiqueta
Sense etiquetes, Sigues el primer a etiquetar aquest registre!

MARC

LEADER 00000nam a22000007a 4500
008 231113b |||||||| |||| 00| 0 eng d
020 |a 9783499130 
100 |a KALU, Dike N. 
245 |a Agony of a Nigerian scientist  |c /Dike N.Kalu  |g 148p 
250 |b 2nd 
260 |b Barioz Publishers  |c 2004  |h Owerri, Nigeria  |i 701397  |l Q143.K12  |m Scientists-Nigeria-Biograghy  |m Science- Study and teaching (Higher)-Nigeria 
500 |a it includes index 
942 |a lcc  |c BK  |e Johnson  |f 13/11/23 
952 |0 0  |1 0  |2 lcc  |4 0  |6 Q0143 K12  |7 0  |9 4625  |a HOL  |b HOL  |c QZ  |d 2023-11-13  |l 0  |o Q143.K12  |p 2023-0544  |r 2023-11-13 00:00:00  |t 701397  |w 2023-11-13  |y BK 
999 |c 2319  |d 2319